| 000 | 02314nam a22002777a 4500 | ||
|---|---|---|---|
| 001 | 8108 | ||
| 003 | FISKH | ||
| 005 | 20250825143245.0 | ||
| 008 | 250825b cb ||||| |||| 00| 0 eng d | ||
| 040 |
_aFISKH _bkhr _cFISKH _dFISKH |
||
| 050 | _aPZ7 | ||
| 100 | _aThaily, Ly | ||
| 245 |
_aមេឆ្កែកំផើម : _bThe pregnant dog / _cរៀបរៀងដោយ លី ថៃលី , វិចិត្រកររូបភាពដោយ ថៃ សាន្ត |
||
| 260 |
_aភ្នំពេញ : _bរោងពុម្ព ពេជ្រ ណែត , |
||
| 300 |
_a24 pages : _bcolor illustrations ; _c25 cm. |
||
| 505 | _aP | ||
| 520 | _aមានឆ្កែកំផើមមួយក្បាលធ្វើដំណើរពីភូមិមួយទៅភូមិមួយ ក៏បានជួមនឺងមេឆ្កែមួយក្បាល ។ មេឆ្កែក៏ផ្តល់កន្លែងស្នាក់នៅដើម្បីអោយបានសំរាលកូន ។ ក្រោយសំរាលកូនរួចមេឆ្កែក៏អោយឆ្កែកំផើមនិងកូនទាំង៦ចាកចេញ តែពួកគេមិនចេញ ក៏ឈ្លោះគ្នាហើយកូនឆ្កែក៏ព្រួតគ្នាខាំមេឆ្កែហើយបណ្តេញមេឆ្កែចេញពីផ្ទះ ។ មេឆ្កែចាកចេញទាំងក្តីឈឺចាប់។ | ||
| 520 | _aA pregnant female dog was traveling from one village to another when she met a mother dog. The female dog kindly offered her a place to stay so she could give birth. After the puppies were born, the female dog asked the pregnant dog and her six puppies to leave. But they refused to go. This led to a conflict, and eventually, the puppies ganged up and bit the female dog, driving her out of her own home. The female dog left with a heavy heart and deep sorrow. | ||
| 521 | 8 |
_a650
_bLexile estimate |
|
| 521 | 8 |
_aP
_bRaz-Plus |
|
| 650 |
_aមេឆ្កែកំផើម _vរឿងនិទានកុមារ |
||
| 650 |
_aThe pregnant dog _vChildren's story |
||
| 700 |
_aSan, Thai _eIllustrator |
||
| 942 |
_2ddc _cKHB _n0 |
||
| 999 |
_c8108 _d8108 |
||